=LDR 00000nam 2200000 4500 =001 INLIS000000000019864 =005 20130612114859 =008 ***********************************Ind** =035 ##$$0010-061300000019864 =041 ##$$a Ind =082 ##$$a 848.83 =090 ##$$a 848.83, Rid f =100 ##$$a Ridge, Antonio =245 ##$$a Family Album, Antonio Ridge =260 ##$$a 1961 $b London =300 ##$$a 254 hlm, 31 cm =650 ##$$a Kesusastraan Prancis =850 ##$$a NBPNMAT